[Event "Munich Pfingst op-A 1st"]
[Site "Munich"]
[Date "2023.06.05"]
[Round "8"]
[White "Senthil, Maran K"]
[Black "Grimm, Julius"]
[Result "1-0"]
[WhiteElo "2135"]
[BlackElo "2299"]
[PlyCount "136"]
[EventDate "2023.05.31"]
[EventType "swiss"]
[EventRounds "9"]
[EventCountry "GER"]
[SourceTitle "EXT 2024"]
[Source "ChessBase"]
[SourceDate "2023.10.10"]
[SourceVersion "1"]
[SourceVersionDate "2023.10.10"]
[SourceQuality "1"]

1. d4 Nf6 2. c4 e6 3. g3 d5 4. Bg2 dxc4 5. Nf3 c5 6. 0-0 Nc6 7. dxc5 Qxd1 8. Rxd1 Bxc5 9. Nbd2 c3 10. bxc3 0-0 11. Nb3 Be7 12. c4 Bd7 13. Bb2 Rfc8 14. Rac1 Be8 15. Nfd4 a5 16. Nb5 a4 17. N3d4 a3 18. Nxc6 Bxc6 19. Bxf6 gxf6 20. Nd6 Bxd6 21. Rxd6 Bxg2 22. Kxg2 Ra4 23. Rd3 Rcxc4 24. Rxc4 Rxc4 25. Rxa3 Rc2 26. Kf3 Rb2 27. Ra8+ Kg7 28. a4 f5 29. a5 Kf6 30. Ke3 e5 31. Kd3 Ra2 32. Ra7 h5 33. f4 e4+ 34. Ke3 Kg6 35. h4 Kf6 36. Kd4 Rxe2 37. Rxb7 Ra2 38. Rb6+ Kg7 39. Rb5 Ra4+ 40. Kc3 e3 41. Rxf5 f6 42. Kd3 Ra3+ 43. Ke2 Kg6 44. Rd5 Kh6 45. f5 Kg7 46. Rd7+ Kg8 47. Rd6 Rxa5 48. Rxf6 Re5 49. Rg6+ Kh7 50. Rg5 Kh6 51. f6 Re8 52. Rf5 Kg6 53. Rf3 Kf7 54. Rxe3 Rg8 55. Rf3 Rg6 56. Ke3 Rg4 57. Kd3 Ra4 58. Ke3 Rg4 59. Kf2 Rg6 60. Rf4 Rh6 61. Kf3 Rh8 62. Rf5 Rh7 63. Kf4 Rh8 64. Kf3 Rh6 65. Ke4 Rg6 66. Rg5 Rxf6 67. Rf5 Kg6 68. Rxf6+ Kxf6 1-0

[Event "Munich Pfingst op-A 1st"]
[Site "Munich"]
[Date "2023.06.02"]
[Round "3"]
[White "Grimm, Julius"]
[Black "Jinan, Jomon"]
[Result "1-0"]
[WhiteElo "2299"]
[BlackElo "2432"]
[PlyCount "83"]
[EventDate "2023.05.31"]
[EventType "swiss"]
[EventRounds "9"]
[EventCountry "GER"]
[SourceTitle "CBM 214 Extra"]
[Source "ChessBase"]
[SourceDate "2023.07.31"]
[SourceVersion "1"]
[SourceVersionDate "2023.07.31"]
[SourceQuality "1"]

1. d4 Nf6 2. c4 e6 3. Nc3 Bb4 4. a3 Bxc3+ 5. bxc3 c5 6. f3 Nc6 7. e4 d6 8. d5 Na5 9. Bd3 e5 10. Ne2 b6 11. 0-0 Qe7 12. Ng3 h5 13. Bg5 h4 14. Nh1 Ba6 15. Nf2 Qf8 16. Bxf6 gxf6 17. Ng4 Qg7 18. f4 0-0-0 19. fxe5 fxe5 20. Ne3 Kc7 21. Ra2 f6 22. Raf2 Rdf8 23. Be2 Bc8 24. Bg4 Bxg4 25. Nxg4 Rhg8 26. h3 Nxc4 27. Qe2 f5 28. exf5 b5 29. a4 a6 30. f6 Qg5 31. axb5 axb5 32. f7 Rh8 33. Ra1 Qd8 34. Ra7+ Kb8 35. Qa2 Qb6 36. Re7 Na5 37. Nf6 Kc8 38. Qc2 Qd8 39. Qf5+ Kb8 40. Qe6 b4 41. Nd7+ Ka8 42. Nxf8 1-0

[Event "Munich Pfingst op-A 1st"]
[Site "Munich"]
[Date "2023.06.01"]
[Round "2"]
[White "Basso, Pier Luigi"]
[Black "Grimm, Julius"]
[Result "0-1"]
[WhiteElo "2520"]
[BlackElo "2299"]
[PlyCount "132"]
[EventDate "2023.05.31"]
[EventType "swiss"]
[EventRounds "9"]
[EventCountry "GER"]
[SourceTitle "CBM 214 Extra"]
[Source "ChessBase"]
[SourceDate "2023.07.31"]
[SourceVersion "1"]
[SourceVersionDate "2023.07.31"]
[SourceQuality "1"]

1. e4 e5 2. Nf3 Nc6 3. Bb5 a6 4. Ba4 Nf6 5. 0-0 Be7 6. d3 b5 7. Bb3 d6 8. a3 0-0 9. Nc3 Na5 10. Ba2 Be6 11. b4 Bxa2 12. Rxa2 Nc6 13. Bg5 Ng4 14. Bd2 Nf6 15. Nd5 Nxd5 16. exd5 Na7 17. a4 c6 18. axb5 axb5 19. Qa1 Qb8 20. Be3 c5 21. Ra6 Rc8 22. bxc5 dxc5 23. Qxe5 Qb7 24. Rfa1 b4 25. R1a4 Bf6 26. Qf5 Nb5 27. Rxa8 Rxa8 28. Qd7 Qxd7 29. Rxa8+ Bd8 30. Ne5 Qc7 31. Nc6 h6 32. Rxd8+ Kh7 33. Bxc5 Nc3 34. Bd6 Qb6 35. Bxb4 Nd1 36. Be1 Nxf2 37. d4 Ne4 38. Re8 f5 39. Rb8 Qa6 40. Ne5 Qa1 41. Nf3 Ng5 42. Kf1 Nxf3 43. gxf3 Qxd4 44. Rb3 Qxd5 45. Rc3 g5 46. h3 Qe5 47. Rd3 Qh2 48. Bf2 Qxh3+ 49. Ke2 Qh2 50. c4 Qe5+ 51. Kf1 Qe6 52. Rd4 Qc6 53. Ke2 h5 54. c5 Qb5+ 55. Ke1 g4 56. f4 Qb1+ 57. Ke2 Qb3 58. Rd7+ Kg8 59. Rd6 Qf3+ 60. Ke1 Qxf4 61. Rb6 Qe4+ 62. Kf1 f4 63. c6 g3 64. Rb8+ Kf7 65. Rb7+ Ke6 66. Rb2 Qc4+ 0-1

[Event "Bundesliga 1617"]
[Site "Germany"]
[Date "2017.05.01"]
[Round "15.6"]
[White "Womacka, Mathias"]
[Black "Grimm, Julius"]
[Result "1/2-1/2"]
[WhiteElo "2424"]
[BlackElo "2288"]
[PlyCount "40"]
[EventDate "2016.10.15"]
[EventType "team-tourn"]
[EventRounds "15"]
[EventCountry "GER"]
[SourceTitle "CBM 178"]
[Source "ChessBase"]
[SourceDate "2017.05.14"]
[SourceVersion "1"]
[SourceVersionDate "2017.05.14"]
[SourceQuality "1"]
[WhiteTeam "Schwaebisch Hall"]
[BlackTeam "Griesheim"]
[WhiteTeamCountry "GER"]
[BlackTeamCountry "GER"]

1. e4 c6 2. d4 d5 3. Nd2 dxe4 4. Nxe4 Bf5 5. Ng3 Bg6 6. h4 h6 7. Nf3 Nd7 8. h5 Bh7 9. Bd3 Bxd3 10. Qxd3 e6 11. Bd2 Ngf6 12. 0-0-0 Be7 13. Kb1 Rc8 14. Ne4 c5 15. dxc5 Nxc5 16. Nxf6+ Bxf6 17. Qb5+ Qd7 18. Qxd7+ Nxd7 19. Bf4 Nb6 20. Be5 Rc5 1/2-1/2

[Event "Bundesliga 1617"]
[Site "Germany"]
[Date "2017.04.30"]
[Round "14.6"]
[White "Grimm, Julius"]
[Black "Gauglitz, Gernot"]
[Result "1/2-1/2"]
[WhiteElo "2288"]
[BlackElo "2394"]
[PlyCount "105"]
[EventDate "2016.10.15"]
[EventType "team-tourn"]
[EventRounds "15"]
[EventCountry "GER"]
[SourceTitle "CBM 178"]
[Source "ChessBase"]
[SourceDate "2017.05.14"]
[SourceVersion "1"]
[SourceVersionDate "2017.05.14"]
[SourceQuality "1"]
[WhiteTeam "Griesheim"]
[BlackTeam "Dresden"]
[WhiteTeamCountry "GER"]
[BlackTeamCountry "GER"]

1. d4 Nf6 2. c4 g6 3. Nc3 d5 4. Nf3 Bg7 5. Qb3 c6 6. cxd5 Nxd5 7. e4 Nxc3 8. bxc3 0-0 9. Be2 Nd7 10. 0-0 Qc7 11. Be3 e5 12. d5 cxd5 13. exd5 b6 14. Nd2 Nc5 15. Qa3 Bb7 16. c4 Rfc8 17. Rac1 f5 18. Nb3 Bf8 19. Qb2 Na4 20. Qb1 Bd6 21. Rfd1 Qe7 22. Rc2 Rc7 23. f3 Rac8 24. Qc1 Ba6 25. Bg5 Qe8 26. Bd3 Nc5 27. Nxc5 Bxc5+ 28. Kh1 Bd6 29. Re1 Qf7 30. h4 h5 31. Re3 Kh7 32. Qf1 Bb7 33. Ree2 Ba6 34. Re1 Bb7 35. Ree2 f4 36. Qb1 Ba6 37. Re4 b5 38. cxb5 Rxc2 39. Bxc2 Bxb5 40. Qxb5 Rxc2 41. Rc4 Rd2 42. Rc8 Rxd5 43. Qb3 Kg7 44. Rd8 Rd4 45. Bh6+ Kf6 46. Bg5+ Kg7 47. Bh6+ Kf6 48. Qb5 Kf5 49. Qc6 Bc5 50. Qc8+ Qe6 51. Rf8+ Bxf8 52. Qxf8+ Qf6 53. Qc8+ 1/2-1/2

[Event "GER-chT U20"]
[Site "Borken"]
[Date "2016.12.29"]
[Round "6.1"]
[White "Noe, Christopher"]
[Black "Grimm, Julius"]
[Result "1/2-1/2"]
[WhiteElo "2415"]
[BlackElo "2209"]
[PlyCount "67"]
[EventDate "2016.12.27"]
[EventType "team-swiss"]
[EventRounds "7"]
[EventCountry "GER"]
[SourceTitle "EXT 2018"]
[Source "ChessBase"]
[SourceDate "2017.10.13"]
[SourceVersion "1"]
[SourceVersionDate "2017.10.13"]
[SourceQuality "1"]
[WhiteTeam "Eppingen"]
[BlackTeam "Darmstadt"]
[WhiteTeamCountry "GER"]
[BlackTeamCountry "GER"]

1. d4 Nf6 2. c4 e6 3. Nf3 d5 4. Nc3 Bb4 5. a3 Bxc3+ 6. bxc3 c5 7. e3 0-0 8. Bd3 Qc7 9. Qc2 dxc4 10. Bxc4 Nc6 11. 0-0 e5 12. Bb5 e4 13. Ng5 a6 14. Bc4 b5 15. Ba2 Bf5 16. f3 Qe7 17. Bb1 Bg6 18. Nxe4 Nxe4 19. fxe4 Na5 20. Rf4 Rfe8 21. Qa2 c4 22. e5 Nb3 23. Bxg6 hxg6 24. Rb1 Nxc1 25. Rxc1 f6 26. Rcf1 fxe5 27. Re4 Qb7 28. Qc2 exd4 29. Rxe8+ Rxe8 30. exd4 Re4 31. Qf2 Qe7 32. Qg3 Re2 33. h3 Kh7 34. Rf4 1/2-1/2

[Event "Bundesliga 1617"]
[Site "Germany"]
[Date "2016.12.03"]
[Round "5.4"]
[White "Csonka, Attila Istvan"]
[Black "Grimm, Julius"]
[Result "0-1"]
[WhiteElo "2316"]
[BlackElo "2288"]
[PlyCount "88"]
[EventDate "2016.10.15"]
[EventType "team-tourn"]
[EventRounds "15"]
[EventCountry "GER"]
[SourceTitle "CBM 176"]
[Source "ChessBase"]
[SourceDate "2017.01.17"]
[SourceVersion "1"]
[SourceVersionDate "2017.01.17"]
[SourceQuality "1"]
[WhiteTeam "Schwegenheim"]
[BlackTeam "Griesheim"]
[WhiteTeamCountry "GER"]
[BlackTeamCountry "GER"]

1. e4 c6 2. d4 d5 3. Nc3 dxe4 4. Nxe4 Bf5 5. Ng3 Bg6 6. h4 h6 7. Nh3 e6 8. Nf4 Bh7 9. Be3 Nf6 10. Bd3 Bxd3 11. Qxd3 Bd6 12. 0-0-0 Qa5 13. Kb1 Nbd7 14. Bd2 Qc7 15. Qf3 0-0-0 16. Ngh5 Rhg8 17. Nxf6 Nxf6 18. Nd3 Qe7 19. Ba5 Bc7 20. Bb4 Bd6 21. Bxd6 Qxd6 22. Ne5 Rgf8 23. Qg3 Ne4 24. Qe3 Nf6 25. Rhe1 Nd5 26. Qf3 Qc7 27. g3 Nf6 28. Qa3 Kb8 29. f4 Nd7 30. Nf3 Nf6 31. Ne5 Nd7 32. Rd3 Nb6 33. Qc5 Rfe8 34. c4 Nd7 35. Nxd7+ Rxd7 36. f5 e5 37. Re4 f6 38. Rde3 b6 39. Qa3 Red8 40. dxe5 Rd1+ 41. Kc2 R8d2+ 42. Kc3 Qd8 43. Kb4 a5+ 44. Ka4 b5+ 0-1

[Event "Wunsiedel op 10th"]
[Site "Wunsiedel"]
[Date "2016.05.06"]
[Round "4"]
[White "Grimm, Julius"]
[Black "Seidel, Peter"]
[Result "0-1"]
[WhiteElo "2314"]
[BlackElo "2159"]
[PlyCount "90"]
[EventDate "2016.05.05"]
[EventType "swiss"]
[EventRounds "7"]
[EventCountry "GER"]
[SourceTitle "CBM 172 Extra"]
[Source "ChessBase"]
[SourceDate "2016.06.21"]
[SourceVersion "1"]
[SourceVersionDate "2016.06.21"]
[SourceQuality "1"]

1. d4 Nf6 2. c4 c5 3. d5 b5 4. cxb5 e6 5. dxe6 fxe6 6. e4 Bb7 7. e5 Ne4 8. Nf3 Be7 9. Bd3 0-0 10. 0-0 d5 11. Bxe4 dxe4 12. Qxd8 Bxd8 13. Ng5 Bxg5 14. Bxg5 Rf5 15. Be7 Nd7 16. Nc3 Nxe5 17. Bxc5 Nd3 18. Ba3 Rg5 19. Rfd1 Rc8 20. Rd2 Ne5 21. Re2 Nf3+ 22. Kh1 Nd4 23. Rd2 Rxg2 24. Rxd4 e3 25. Ne4 e5 26. Kxg2 exd4 27. f3 Rc2+ 28. Kf1 Bxe4 29. fxe4 d3 30. Re1 e2+ 31. Kf2 d2 32. Kxe2 dxe1Q+ 33. Kxe1 Rxh2 34. e5 Kf7 35. Kd1 Ke6 36. Kc1 Kd5 37. Bd6 Rh6 38. Kd2 g5 39. Bb8 a6 40. bxa6 Rxa6 41. Ke3 Rxa2 42. b4 Ra3+ 43. Kf2 Rb3 44. Bd6 h5 45. Kg2 g4 0-1

[Event "Staufer op-A 28th"]
[Site "Schwaebisch Gmuend"]
[Date "2016.01.02"]
[Round "2"]
[White "Grimm, Julius"]
[Black "Smirnov, Artem"]
[Result "0-1"]
[WhiteElo "2235"]
[BlackElo "2422"]
[PlyCount "106"]
[EventDate "2016.01.02"]
[EventType "swiss"]
[EventRounds "9"]
[EventCountry "GER"]
[SourceTitle "CBM 170 Extra"]
[Source "ChessBase"]
[SourceDate "2016.02.25"]
[SourceVersion "1"]
[SourceVersionDate "2016.02.25"]
[SourceQuality "1"]

1. d4 Nf6 2. c4 e6 3. Nc3 Bb4 4. e3 c5 5. Nge2 cxd4 6. exd4 0-0 7. a3 Be7 8. Nf4 d6 9. Be2 e5 10. Nfd5 Nxd5 11. Nxd5 Nc6 12. dxe5 dxe5 13. 0-0 Bc5 14. Be3 Bxe3 15. fxe3 Be6 16. Qd3 Ne7 17. Bf3 Ng6 18. Be4 b5 19. b3 bxc4 20. bxc4 Rc8 21. Rad1 Qh4 22. Bxg6 hxg6 23. e4 f5 24. exf5 Bxf5 25. Qe3 Rxc4 26. Qxe5 Re4 27. Qg3 Qxg3 28. hxg3 Rfe8 29. Rd2 Re2 30. Rf2 Rxd2 31. Rxd2 Kf7 32. Rb2 Rd8 33. Ne3 Be6 34. Kf2 Kf6 35. Rb4 Rd6 36. Rb5 Ra6 37. Nc2 Bf5 38. Rc5 Ra4 39. Rc3 Bxc2 40. Rxc2 Rxa3 41. Rc6+ Kg5 42. Rc7 Kg4 43. Rc4+ Kh5 44. Rc7 g5 45. Rxg7 Kg4 46. Kg1 a5 47. Kh2 Rc3 48. Ra7 Rc5 49. Ra8 Kf5 50. Kh3 Ke4 51. Kg4 Kd4 52. Kf3 Kc4 53. Ke4 Kb4 0-1

[Event "Wiesbaden op 27th"]
[Site "Wiesbaden"]
[Date "2015.08.28"]
[Round "3"]
[White "Fucik, Timo"]
[Black "Grimm, Julius"]
[Result "0-1"]
[WhiteElo "2033"]
[BlackElo "2201"]
[PlyCount "56"]
[EventDate "2015.08.27"]
[EventType "swiss"]
[EventRounds "7"]
[EventCountry "GER"]
[SourceTitle "EXT 2016"]
[Source "ChessBase"]
[SourceDate "2015.10.08"]
[SourceVersion "1"]
[SourceVersionDate "2015.10.08"]
[SourceQuality "1"]

1. d4 d5 2. c4 e6 3. Nf3 Nf6 4. Nc3 Bb4 5. e3 0-0 6. Bd3 c5 7. a3 Bxc3+ 8. bxc3 dxc4 9. Bxc4 Qc7 10. Be2 Nc6 11. 0-0 Rd8 12. Bd2 e5 13. Qc2 Bg4 14. h3 Bh5 15. Bd1 e4 16. Nh2 Bxd1 17. Rfxd1 c4 18. Nf1 Rd5 19. Bc1 Re8 20. a4 Rg5 21. Ba3 Qd7 22. Ng3 Na5 23. Rab1 Nb3 24. Rxb3 cxb3 25. Qxb3 Ra5 26. Bb4 Rxa4 27. d5 b5 28. Rd4 a5 0-1

[Event "GER-ch U18"]
[Site "Willingen"]
[Date "2015.05.29"]
[Round "8"]
[White "Grigorian, Spartak"]
[Black "Grimm, Julius"]
[Result "1-0"]
[WhiteElo "2280"]
[BlackElo "2170"]
[PlyCount "109"]
[EventDate "2015.05.24"]
[EventType "swiss"]
[EventRounds "9"]
[EventCountry "GER"]
[SourceTitle "CBM 166 Extra"]
[Source "ChessBase"]
[SourceDate "2015.06.18"]
[SourceVersion "1"]
[SourceVersionDate "2015.06.18"]
[SourceQuality "1"]

1. c4 e6 2. Nc3 d5 3. d4 Bb4 4. Qa4+ Nc6 5. cxd5 exd5 6. Nf3 Nf6 7. Bg5 h6 8. Bxf6 Qxf6 9. e3 0-0 10. Be2 Be6 11. 0-0 a6 12. Rfc1 Bd6 13. a3 Ne7 14. b4 Nf5 15. Qd1 c6 16. Rab1 Qe7 17. Na4 Bc7 18. Nc5 Nd6 19. a4 Bf5 20. Rb2 Rfb8 21. Qb3 Ne4 22. Bf1 h5 23. b5 axb5 24. axb5 h4 25. Ra2 Rxa2 26. Qxa2 Bg4 27. Nxe4 dxe4 28. Nd2 Qd6 29. g3 Re8 30. Qa7 Qb4 31. Rc2 Bd1 32. Ra2 hxg3 33. hxg3 cxb5 34. Qxb7 Qc3 35. Nxe4 Qc1 36. Qxb5 Rb8 37. Qc5 Qxc5 38. Nxc5 Bd6 39. Bg2 Bg4 40. Bd5 Bh5 41. Ra7 Rd8 42. Nb7 Bb8 43. Ra5 Rc8 44. Ra8 Bg4 45. Kg2 Bc7 46. Ra6 Rb8 47. Nd6 Bh5 48. Nf5 Kf8 49. Nh4 g5 50. Nf5 Bg6 51. g4 Bxf5 52. gxf5 Bb6 53. Kf3 Ke7 54. Kg4 Kf6 55. f3 1-0

[Event "Hessen-ch U18"]
[Site "Bad Homburg"]
[Date "2015.04.02"]
[Round "6"]
[White "Grimm, Julius"]
[Black "Werle, Joshua"]
[Result "1-0"]
[WhiteElo "2108"]
[BlackElo "1776"]
[PlyCount "67"]
[EventDate "2015.03.30"]
[EventType "swiss"]
[EventRounds "7"]
[EventCountry "GER"]
[SourceTitle "EXT 2017"]
[Source "ChessBase"]
[SourceDate "2016.10.25"]
[SourceVersion "1"]
[SourceVersionDate "2016.10.25"]
[SourceQuality "1"]

1. d4 d5 2. c4 e6 3. Nf3 f5 4. cxd5 exd5 5. Bf4 Nf6 6. h3 c6 7. e3 Bd6 8. Bxd6 Qxd6 9. Nbd2 Nbd7 10. Bd3 f4 11. 0-0 0-0 12. Re1 fxe3 13. Rxe3 Nh5 14. Bxh7+ Kh8 15. Bc2 Ndf6 16. Ne5 Nf4 17. Rf3 g5 18. Rxf4 gxf4 19. Ng6+ Kg8 20. Nxf8 Qxf8 21. Qf3 Qh6 22. Re1 Kf8 23. Qe2 Qg7 24. Qf3 Qh6 25. Re5 Bd7 26. Bf5 Be8 27. Qa3+ Kg8 28. Qe7 f3 29. Nxf3 Bh5 30. g4 Re8 31. Be6+ Kh8 32. Rxh5 Rxe7 33. Rxh6+ Kg7 34. g5 1-0

[Event "GER-chT Lands U20"]
[Site "Hannover"]
[Date "2014.10.05"]
[Round "5.2"]
[White "Grimm, Julius"]
[Black "Gibicar, Danijel"]
[Result "0-1"]
[WhiteElo "2026"]
[BlackElo "2182"]
[PlyCount "78"]
[EventDate "2014.10.03"]
[EventType "team-swiss"]
[EventRounds "7"]
[EventCountry "GER"]
[SourceTitle "CBM 162 Extra"]
[Source "ChessBase"]
[SourceDate "2014.10.17"]
[SourceVersion "1"]
[SourceVersionDate "2014.10.17"]
[SourceQuality "1"]
[WhiteTeam "Hessen II"]
[BlackTeam "Wuerttemberg"]
[WhiteTeamCountry "GER"]
[BlackTeamCountry "GER"]

1. d4 Nf6 2. c4 c5 3. d5 b5 4. cxb5 a6 5. bxa6 g6 6. Nc3 Bxa6 7. e4 Bxf1 8. Kxf1 d6 9. g3 Bg7 10. Kg2 0-0 11. Nf3 Nbd7 12. a4 Ra6 13. Qc2 Qa8 14. Ra3 e6 15. Bf4 exd5 16. exd5 Nh5 17. Bg5 Ne5 18. Nxe5 Bxe5 19. Rd1 Ng7 20. Nb5 Ne6 21. Bh6 Rc8 22. Rf3 Nd4 23. Nxd4 cxd4 24. Qe4 Rxa4 25. b3 Rb4 26. Qg4 Rcb8 27. Rxf7 Qxd5+ 28. Rf3 Rxb3 29. Rc1 Qxf3+ 30. Qxf3 Rxf3 31. Kxf3 Kf7 32. Ke2 Rb7 33. h3 Ke6 34. Rc2 Kd5 35. Bf8 Rb3 36. Rd2 Ke4 37. Bh6 d3+ 38. Kf1 Kf3 39. Rd1 Bd4 0-1

[Event "Wunsiedel op 8th"]
[Site "Wunsiedel"]
[Date "2014.05.31"]
[Round "5"]
[White "Seyb, Alexander"]
[Black "Grimm, Julius"]
[Result "1/2-1/2"]
[WhiteElo "2383"]
[BlackElo "1939"]
[PlyCount "111"]
[EventDate "2014.05.29"]
[EventType "swiss"]
[EventRounds "7"]
[EventCountry "GER"]
[SourceTitle "CBM 160 Extra"]
[Source "ChessBase"]
[SourceDate "2014.07.01"]
[SourceVersion "1"]
[SourceVersionDate "2014.07.01"]
[SourceQuality "1"]

1. e4 c6 2. d4 d5 3. e5 Bf5 4. Nf3 e6 5. Be2 Nd7 6. Nbd2 h6 7. 0-0 Bh7 8. Nb3 Ne7 9. a4 Nf5 10. a5 a6 11. c4 dxc4 12. Bxc4 Ne7 13. Qe2 Nd5 14. Nfd2 Be7 15. Ne4 0-0 16. Bd2 Rc8 17. Rac1 Bxe4 18. Qxe4 f5 19. exf6 Rxf6 20. Bd3 Bd6 21. g3 Bb4 22. Bxb4 Nxb4 23. Bb1 Rc7 24. f4 Nf8 25. Rc5 Rd7 26. Rc4 Nd5 27. Re1 Re7 28. Bc2 Ref7 29. Bd1 Re7 30. Bf3 Ref7 31. Bg2 Qc7 32. Rc2 Qd8 33. Rce2 Re7 34. Qc2 Nc7 35. Qc4 Nb5 36. Re5 Rd7 37. Rd1 Kh8 38. Nc5 Re7 39. b4 Nd6 40. Qe2 Nf5 41. Bh3 Qe8 42. d5 cxd5 43. Bxf5 Rxf5 44. Rdxd5 Ng6 45. Rxf5 exd5 46. Qd3 Re3 47. Re5 Re1+ 48. Rxe1 Qxe1+ 49. Kg2 Qxb4 50. Qxd5 Qxa5 51. f5 Ne7 52. Qd6 b6 53. Qxe7 Qxc5 54. Qe8+ Kh7 55. Qg6+ Kh8 56. Qe8+ 1/2-1/2

[Event "Hofheim Spring op-A 2nd"]
[Site "Hofheim"]
[Date "2014.04.24"]
[Round "5"]
[White "Junker, Christian"]
[Black "Grimm, Julius"]
[Result "1/2-1/2"]
[WhiteElo "2064"]
[BlackElo "1939"]
[PlyCount "54"]
[EventDate "2014.04.22"]
[EventType "swiss"]
[EventRounds "9"]
[EventCountry "GER"]
[SourceTitle "CBM 160 Extra"]
[Source "ChessBase"]
[SourceDate "2014.07.01"]
[SourceVersion "1"]
[SourceVersionDate "2014.07.01"]
[SourceQuality "1"]

1. Nf3 d5 2. g3 Nf6 3. d3 c6 4. Bg2 Bf5 5. Nbd2 h6 6. 0-0 e6 7. Qe1 Be7 8. e4 Bh7 9. Ne5 Nbd7 10. Nxd7 Nxd7 11. f4 0-0 12. Qe2 dxe4 13. dxe4 Qb6+ 14. Kh1 a5 15. Nc4 Qa6 16. Re1 Bc5 17. Be3 Bxe3 18. Nxe3 Qxe2 19. Rxe2 Rfd8 20. Nc4 Nf6 21. e5 Ne8 22. a4 Rd4 23. b3 Kf8 24. Kg1 g5 25. fxg5 hxg5 26. Rf1 Ra6 27. Ra1 Bg6 1/2-1/2

[Event "Hofheim Spring op-A 2nd"]
[Site "Hofheim"]
[Date "2014.04.23"]
[Round "3"]
[White "Enchev, Ivajlo"]
[Black "Grimm, Julius"]
[Result "1-0"]
[WhiteElo "2443"]
[BlackElo "1939"]
[PlyCount "49"]
[EventDate "2014.04.22"]
[EventType "swiss"]
[EventRounds "9"]
[EventCountry "GER"]
[SourceTitle "CBM 160 Extra"]
[Source "ChessBase"]
[SourceDate "2014.07.01"]
[SourceVersion "1"]
[SourceVersionDate "2014.07.01"]
[SourceQuality "1"]

1. d4 Nf6 2. c4 e6 3. Nc3 Bb4 4. Qc2 0-0 5. a3 Bxc3+ 6. Qxc3 d5 7. cxd5 Ne4 8. Qc2 exd5 9. Bf4 Nc6 10. e3 Re8 11. Nf3 Bf5 12. Bd3 Qf6 13. 0-0 Rad8 14. Rac1 h6 15. Qb3 Nd6 16. Bxf5 Qxf5 17. Bxd6 Rxd6 18. Qxb7 Qd7 19. Qb3 Rg6 20. g3 Re4 21. Kg2 h5 22. Rc5 Rd6 23. h4 Qf5 24. Qc2 Qf6 25. Ng5 1-0

[Event "Hessen-ch U18"]
[Site "Bad Homburg"]
[Date "2014.04.14"]
[Round "1"]
[White "Grimm, Julius"]
[Black "Thomas, Tobias"]
[Result "1-0"]
[WhiteElo "1939"]
[BlackElo "1780"]
[PlyCount "45"]
[EventDate "2014.04.??"]
[EventType "swiss"]
[EventRounds "7"]
[EventCountry "GER"]
[SourceTitle "EXT 2022"]
[Source "ChessBase"]
[SourceDate "2021.10.06"]
[SourceVersion "1"]
[SourceVersionDate "2021.10.06"]
[SourceQuality "1"]

1. d4 Nf6 2. c4 g6 3. Nc3 Bg7 4. e4 d6 5. f3 0-0 6. Be3 e5 7. Nge2 Nbd7 8. Qd2 Ne8 9. d5 f5 10. exf5 gxf5 11. f4 e4 12. 0-0-0 Ndf6 13. h3 h5 14. Nd4 Bd7 15. Be2 c5 16. Ne6 Bxe6 17. dxe6 Qe7 18. g4 Qxe6 19. g5 Nd7 20. Qd5 Qxd5 21. Nxd5 Nb6 22. Ne7+ Kf7 23. Nxf5 1-0

[Event "GER-chT U16"]
[Site "Lingen"]
[Date "2013.12.30"]
[Round "7.1"]
[White "Grimm, Julius"]
[Black "Herbrig, Alexander"]
[Result "1-0"]
[WhiteElo "2006"]
[BlackElo "1903"]
[PlyCount "131"]
[EventDate "2013.12.27"]
[EventType "team-swiss"]
[EventRounds "7"]
[EventCountry "GER"]
[SourceTitle "EXT 2015"]
[Source "ChessBase"]
[SourceDate "2014.11.20"]
[SourceVersion "1"]
[SourceVersionDate "2014.11.20"]
[SourceQuality "1"]
[WhiteTeam "Darmstadt"]
[BlackTeam "Bautzen Einheit"]
[WhiteTeamCountry "GER"]
[BlackTeamCountry "GER"]

1. d4 Nf6 2. c4 g6 3. Nc3 d5 4. Nf3 Bg7 5. Qb3 dxc4 6. Qxc4 a6 7. Bf4 c6 8. e4 Nh5 9. Be3 0-0 10. Be2 Nf6 11. h3 Be6 12. Qd3 b5 13. b3 a5 14. 0-0 h6 15. Rad1 Na6 16. Ne5 Qc7 17. f4 Rfd8 18. f5 gxf5 19. exf5 Bd5 20. Nxd5 Nxd5 21. Ng4 Nab4 22. Qd2 Nxe3 23. Qxe3 Nc2 24. Qc1 Nxd4 25. Bd3 h5 26. f6 hxg4 27. fxg7 Qe5 28. Rf4 Ne2+ 29. Bxe2 Qxe2 30. Re1 Qd2 31. Qxd2 Rxd2 32. Rxg4 e6 33. Re3 Rad8 34. Reg3 R2d4 35. h4 Rxg4 36. Rxg4 f5 37. Rg3 Rd7 38. Rg6 Rxg7 39. Rxe6 Rc7 40. Rf6 c5 41. Rxf5 c4 42. bxc4 bxc4 43. Rf2 c3 44. Rc2 Rc4 45. g3 Kf7 46. Kf2 Ke6 47. Ke2 Kd5 48. Kd3 Ra4 49. h5 Ke5 50. h6 Rg4 51. Rh2 Rxg3+ 52. Kc2 Rg8 53. h7 Rh8 54. Kxc3 Kd5 55. Kb3 Kc6 56. Ka4 Kc5 57. Rh5+ Kb6 58. a3 Ka6 59. Rh6+ Kb7 60. Kxa5 Ka7 61. a4 Kb7 62. Kb5 Kc7 63. a5 Kb7 64. Kc5 Rc8+ 65. Kd5 Rh8 66. Ke5 1-0